| 000 | 00718cab a2200229 4500 | ||
|---|---|---|---|
| 001 | WB3448-40 | ||
| 008 | 090401t1998 xxu||||| |||| 00| 0 eng d | ||
| 035 | _a(Sirsi) u90330 | ||
| 041 | _aeng | ||
| 245 | _aAgency introduction | ||
| 260 | _c1998 | ||
| 350 | _a0 | ||
| 490 |
_aEstates Gazette _v(9850) 12 December 1998, 86(1) |
||
| 520 | _aDiscusses the Scottish case "Christie Owen & Davis plc v King" which concerned the interpretation of the statutory definition of `sole selling rights`. | ||
| 650 | _aCHRISTIE OWEN & DAVIS PLC V KING | ||
| 650 | _aESTATE AGENTS | ||
| 650 | _aSOLE SELLING RIGHTS | ||
| 650 | _aTERMINATION | ||
| 690 | _aPROPERTY LAW AND PRACTICE | ||
| 942 | _n0 | ||
| 948 | _c16/12/1998 | ||
| 999 |
_c57262 _d57262 |
||